Geografía de las religiones en Antofagasta

Guardat en:
Dades bibliogràfiques
Autors principals: González Pizarro, José Antonio (autor), Hubert Robinet, André (Autor), Lufin Varas, Marcelo (Autor), Atienza Ubeda, Miguel (Autor), Tello Blanchi, Erika (Autor)
Altres autors: Astudillo Godoy, Ibar Manuel (autor)
Format: Llibre
Idioma:espanyol
Publicat: Antofagasta Ediciones Universitarias Universidad Católica del Norte 2015
Edició:1a. ed
Col·lecció:Colección Iglesia - Mundo
Matèries:
Etiquetes: Afegir etiqueta
Sense etiquetes, Sigues el primer a etiquetar aquest registre!

MARC

LEADER 00000cam a2200000 a 4500
001 UCD6374
003 CL-VaPUC
008 161201e20150900cl |||||||||||||||||spa|d
020 |a 9789562873710 
082 0 4 |a 200.9  |b GON  |2 21 
100 |a González Pizarro, José Antonio  |e autor  |9 594871 
700 |a Hubert Robinet, André  |e author  |9 590190 
700 |a Astudillo Godoy, Ibar Manuel  |e autor  |9 590191 
700 0 |a Lufin Varas, Marcelo  |e author  |9 590192 
700 0 |a Atienza Ubeda, Miguel  |e author  |9 590193 
700 0 |a Tello Blanchi, Erika  |e author  |9 590194 
245 1 0 |a Geografía de las religiones en Antofagasta 
250 |a 1a. ed 
300 |a 121 p 
942 |c BK 
945 |d 20161201 17:35:00  |a arojas 
260 |a Antofagasta  |b Ediciones Universitarias Universidad Católica del Norte  |c 2015 
650 0 |a Ciudades  |9 265474 
650 0 |a Geografía  |9 259346 
650 0 |a Creencias religiosas   |9 373391 
651 7 |a ANTOFAGASTA  |2 CL-VaPUC  |9 319270 
583 |a last modification  |c 20161201 17:35:00  |k Rodrigo Vera 
490 0 |a Colección Iglesia - Mundo 
999 |c 366727  |d 366725 
952 |0 0  |1 0  |3 erb  |4 0  |6 200_900000000000000_GON_2015  |7 0  |8 A  |9 481248  |a BIBHIS  |b BIBHIS  |i 5354102  |o 200.9 GON 2015  |p 5354102  |r 2025-01-20  |w 2019-11-24  |y BK  |z Catalogado en:20161201  |k HIS